| 000 | 00678nam a22001937a 4500 | ||
|---|---|---|---|
| 005 | 20140320150245.0 | ||
| 010 | _aB-516190-194 | ||
| 020 |
_a8181030303 _c300.00 |
||
| 035 | _aB-516190-194 | ||
| 037 |
_adpl _bJanvani Prakashan/Ven |
||
| 082 | _a920 | ||
| 100 | _aSharma Monica C | ||
| 245 |
_aIndian Leaders/ _cby Monica C Sharma |
||
| 260 |
_aDelhi _bSeema Publishing House _c2012 |
||
| 270 |
_a30/21-A, Ground Floor, Gali No.9 Vishwas Nagar, Shahdra _bDelhi _e110032 |
||
| 300 |
_a264p.: _bill. _c21cm.(Hb) |
||
| 942 |
_2ddc _cCH _h920 _mSHA |
||
| 999 |
_c83102 _d83102 |
||